[Event "Summer Prague Open 2020 - A"]
[Site "Olympik hotel, Sokolovska 138, Praha"]
[Date "2020.08.09"]
[Round "3"]
[Board "21"]
[White "Pozdnjakov, Viatcheslav"]
[Black "Kozak, Milos"]
[Result "1/2-1/2"]
[WhiteElo "2300"]
[BlackElo "2135"]
[PlyCount "36"]
[EventDate "2020.08.08"]
[EventRounds "9"]
[EventCountry "CZE"]

1. d4 d5 2. Nf3 Nf6 3. e3 Bf5 4. c4 c6 5. Nc3 e6 6. Nh4 Be4 7. f3 Bg6 8. Qb3
Qc7 9. Bd2 Be7 10. Nxg6 hxg6 11. cxd5 exd5 12. O-O-O b5 13. h3 a5 14. Kb1 O-O
15. Rc1 a4 16. Qd1 Qa7 17. Bd3 Nbd7 18. Ne2 Rfc8  1/2-1/2

[Event "Summer Prague Open 2020 - A"]
[Site "Olympik hotel, Sokolovska 138, Praha"]
[Date "2020.08.09"]
[Round "3"]
[Board "22"]
[White "Froeyman, Helmut"]
[Black "Kaderabek, Jiri"]
[Result "1/2-1/2"]
[WhiteElo "2281"]
[BlackElo "2114"]
[PlyCount "136"]
[EventDate "2020.08.08"]
[EventRounds "9"]
[EventCountry "CZE"]

1. e4 d6 2. d4 Nf6 3. Nc3 g6 4. Nf3 Bg7 5. Be2 O-O 6. O-O c6 7. a4 a5 8. h3
Nbd7 9. Be3 Qc7 10. Re1 e5 11. dxe5 Nxe5 12. Nd2 Re8 13. f4 Ned7 14. Bf3 Nb6
15. Qe2 d5 16. Qf2 Nfd7 17. exd5 cxd5 18. Bd4 Rd8 19. Bxg7 Kxg7 20. Qd4+ Kg8
21. Nxd5 Nxd5 22. Bxd5 Qb6 23. Nf3 Qxd4+ 24. Nxd4 Nf6 25. c4 Nxd5 26. cxd5 Kf8
27. Nb5 Ra6 28. Rac1 Bd7 29. Rc7 Rb6 30. g3 h5 31. Re2 Be8 32. Nc3 Rb4 33. Kf2
h4 34. Kf3 hxg3 35. Kxg3 Bd7 36. h4 b6 37. Rb7 Rd4 38. Rxb6 Bxa4 39. Ra6 Bb3
40. Rxa5 Bxd5 41. Nxd5 R4xd5 42. Rxd5 Rxd5 43. Kf3 Rb5 44. Ke4 Ke7 45. Kd4+ Kd6
46. Kc4 Rc5+ 47. Kb4 Rh5 48. Rh2 Rf5 49. Rf2 Kd5 50. Ka4 Kd4 51. b4 Ke3 52. Rf1
Ke2 53. Rh1 Rxf4 54. Ka5 Re4 55. b5 f5 56. b6 f4 57. b7 Re8 58. Rg1 f3 59. Rxg6
f2 60. Rf6 f1=Q 61. Rxf1 Kxf1 62. h5 Kg2 63. h6 Kf3 64. Kb6 Kg4 65. Ka7 Kg5 66.
h7 Kg6 67. b8=Q Rxb8 68. Kxb8 Kxh7  1/2-1/2

[Event "Summer Prague Open 2020 - A"]
[Site "Olympik hotel, Sokolovska 138, Praha"]
[Date "2020.08.09"]
[Round "3"]
[Board "23"]
[White "Csiki, Endre"]
[Black "Bakiev, Diyor"]
[Result "1-0"]
[WhiteElo "2279"]
[BlackElo "2098"]
[PlyCount "107"]
[EventDate "2020.08.08"]
[EventRounds "9"]
[EventCountry "CZE"]

1. e4 c6 2. Nf3 d5 3. d3 dxe4 4. dxe4 Qxd1+ 5. Kxd1 Bg4 6. Be2 Nd7 7. Ne1 Bxe2+
8. Kxe2 Ngf6 9. f3 e5 10. Nd3 Bd6 11. Be3 O-O 12. Nd2 Bc7 13. a4 a5 14. Ra3
Rfb8 15. Rc3 Nf8 16. Nc5 N6d7 17. Ndb3 Nxc5 18. Nxc5 b6 19. Nb3 c5 20. Nd2 Ne6
21. Nc4 Rd8 22. Rd1 Nd4+ 23. Bxd4 exd4 24. Rb3 Ra6 25. c3 Bxh2 26. cxd4 cxd4
27. Rxb6 Rxb6 28. Nxb6 Rb8 29. Rc1 f6 30. Rc8+ Rxc8 31. Nxc8 Kf7 32. Kd3 Ke6
33. Nb6 Ke5 34. Nc4+ Kf4 35. Nxa5 Kg3 36. Nc6 Kxg2 37. a5 Bc7 38. a6 Bb6 39. f4
h5 40. e5 fxe5 41. fxe5 h4 42. e6 h3 43. e7 h2 44. e8=Q h1=Q 45. Qe4+ Kh2 46.
Qxh1+ Kxh1 47. a7 Bxa7 48. Nxa7 g5 49. Nc6 g4 50. Nxd4 Kg2 51. b4 Kf2 52. b5 g3
53. b6 g2 54. Ne2  1-0

[Event "Summer Prague Open 2020 - A"]
[Site "Olympik hotel, Sokolovska 138, Praha"]
[Date "2020.08.09"]
[Round "3"]
[Board "24"]
[White "Sprenar, Petr"]
[Black "Toman, Jan"]
[Result "1/2-1/2"]
[WhiteElo "2257"]
[BlackElo "2085"]
[PlyCount "38"]
[EventDate "2020.08.08"]
[EventRounds "9"]
[EventCountry "CZE"]

1. d4 Nf6 2. c4 e6 3. Nf3 c5 4. d5 exd5 5. cxd5 d6 6. Nc3 g6 7. g3 Bg7 8. Bg2
O-O 9. O-O a6 10. a4 Nbd7 11. Bf4 Qe7 12. Re1 Nh5 13. Bg5 f6 14. Bc1 Ne5 15. e4
Bg4 16. h3 Bxf3 17. Bxf3 Nxf3+ 18. Qxf3 f5 19. Bd2 Qd7  1/2-1/2

[Event "Summer Prague Open 2020 - A"]
[Site "Olympik hotel, Sokolovska 138, Praha"]
[Date "2020.08.09"]
[Round "3"]
[Board "25"]
[White "Mukashev, Assan"]
[Black "Karas, Marek"]
[Result "1-0"]
[WhiteElo "2207"]
[BlackElo "2249"]
[PlyCount "69"]
[EventDate "2020.08.08"]
[EventRounds "9"]
[EventCountry "CZE"]

1. d4 Nf6 2. Nf3 e6 3. c4 Bb4+ 4. Nbd2 b6 5. g3 Bb7 6. Bg2 O-O 7. O-O Bxd2 8.
Bxd2 d6 9. Rc1 Nbd7 10. b4 Ne4 11. Be3 Ndf6 12. Ne1 Ng4 13. Qd3 Nxe3 14. Qxe3
f5 15. f3 Qg5 16. Qa3 Nd2 17. f4 Qf6 18. Bxb7 Rab8 19. Bc6 Nxf1 20. Kxf1 Qxd4
21. Qc3 Qf6 22. Qxf6 gxf6 23. b5 h5 24. Nf3 Rf7 25. Rc3 Kg7 26. Ra3 Kg6 27.
Rxa7 Re7 28. Ra3 Rh8 29. Re3 Kf7 30. Kf2 Kg7 31. Nd4 Kf7 32. Rxe6 Rxe6 33. Bd5
Rhe8 34. Nxe6 Rxe6 35. e4  1-0

[Event "Summer Prague Open 2020 - A"]
[Site "Olympik hotel, Sokolovska 138, Praha"]
[Date "2020.08.09"]
[Round "3"]
[Board "26"]
[White "Michalczak, Thomas"]
[Black "Syrkiewicz, Michal"]
[Result "1-0"]
[WhiteElo "2245"]
[BlackElo "1911"]
[PlyCount "95"]
[EventDate "2020.08.08"]
[EventRounds "9"]
[EventCountry "CZE"]

1. e4 c5 2. Nc3 a6 3. g3 b5 4. Bg2 Bb7 5. d3 e6 6. f4 d5 7. f5 d4 8. fxe6 fxe6
9. Nce2 e5 10. Nf3 Bd6 11. O-O Nf6 12. Nh4 O-O 13. c3 Nc6 14. a4 Kh8 15. Nf5
Ne7 16. Nxd6 Qxd6 17. cxd4 cxd4 18. axb5 axb5 19. Rxa8 Bxa8 20. Qb3 Bc6 21. Bd2
Nd7 22. Rxf8+ Nxf8 23. Bb4 Qf6 24. Qa3 Neg6 25. h4 h5 26. Qa6 Bd7 27. Qxf6 gxf6
28. Bf3 f5 29. Bxh5 fxe4 30. dxe4 Kg7 31. Nc1 Bc6 32. Bf3 Nd7 33. Nd3 Ngf8 34.
Kf2 Nh7 35. Ke2 Nhf6 36. Nf2 Kg6 37. g4 Nb6 38. h5+ Kh7 39. g5 Ne8 40. Ng4 Nd7
41. Kd3 Kg7 42. Bd1 Kh7 43. Bb3 Ng7 44. g6+ Kh8 45. h6 Nh5 46. g7+ Nxg7 47.
hxg7+ Kxg7 48. Bd6  1-0

[Event "Summer Prague Open 2020 - A"]
[Site "Olympik hotel, Sokolovska 138, Praha"]
[Date "2020.08.09"]
[Round "3"]
[Board "27"]
[White "Grapsa, Georgia"]
[Black "Soural, Jan"]
[Result "0-1"]
[WhiteElo "1989"]
[BlackElo "2234"]
[PlyCount "80"]
[EventDate "2020.08.08"]
[EventRounds "9"]
[EventCountry "CZE"]

1. d4 Nf6 2. c4 g6 3. Nf3 Bg7 4. g3 d5 5. cxd5 Nxd5 6. Nc3 Nb6 7. Bg2 Nc6 8. e3
O-O 9. O-O Re8 10. h3 a5 11. Qc2 a4 12. Rd1 Be6 13. Bd2 Qc8 14. Kh2 Nb4 15. Qb1
Bc4 16. Be1 Nc6 17. Nd2 Ba6 18. Nde4 Rd8 19. Nc5 a3 20. b3 e6 21. Nxa6 Rxa6 22.
Qc1 Nd5 23. Nb5 Bh6 24. f4 f5 25. Bf1 Bf8 26. Nc3 Ra7 27. Na4 Ncb4 28. Nc5 b6
29. Nd3 c5 30. Bxb4 cxb4 31. Qd2 Rc7 32. Rdc1 Rc3 33. Bg2 Rd7 34. Ne5 Rdc7 35.
Re1 Rc2 36. Qd3 R7c3 37. Qb5 Nxe3 38. Rxe3 Rxe3 39. Nc4 Ree2 40. Rg1 Qb7  0-1

[Event "Summer Prague Open 2020 - A"]
[Site "Olympik hotel, Sokolovska 138, Praha"]
[Date "2020.08.09"]
[Round "3"]
[Board "28"]
[White "Frank, Adam"]
[Black "Golbach, Floris"]
[Result "1-0"]
[WhiteElo "2219"]
[BlackElo "2006"]
[PlyCount "69"]
[EventDate "2020.08.08"]
[EventRounds "9"]
[EventCountry "CZE"]

1. e4 c5 2. Nf3 e6 3. d4 cxd4 4. Nxd4 Nc6 5. Nc3 Qc7 6. Be3 a6 7. Qf3 Ne5 8.
Qg3 h5 9. O-O-O h4 10. Qh3 Nf6 11. f4 Neg4 12. e5 Nxe3 13. Qxe3 Ng4 14. Qf3 Nh6
15. Ne4 b5 16. Nf6+ gxf6 17. Qxa8 fxe5 18. fxe5 Ng4 19. Bd3 Nf2 20. Be4 Bh6+
21. Kb1 Nxd1 22. Rxd1 O-O 23. Nf3 Bg7 24. Bh7+ Kh8 25. Qe4 Qc4 26. Nd4 Bh6 27.
b3 Qc5 28. Rd3 Qe7 29. Nf3 f5 30. exf6 Qxh7 31. Qxh4 Qg6 32. g4 Rxf6 33. g5
Rxf3 34. Rxf3 Bb7 35. Rf6  1-0

[Event "Summer Prague Open 2020 - A"]
[Site "Olympik hotel, Sokolovska 138, Praha"]
[Date "2020.08.09"]
[Round "3"]
[Board "29"]
[White "Dedek, Jan"]
[Black "Kulhanek, Tomas"]
[Result "0-1"]
[WhiteElo "1561"]
[BlackElo "2339"]
[PlyCount "32"]
[EventDate "2020.08.08"]
[EventRounds "9"]
[EventCountry "CZE"]

1. Nf3 d6 2. d4 Bg4 3. e3 c6 4. Be2 Nd7 5. c4 Ngf6 6. Nc3 e5 7. O-O Be7 8. b3
O-O 9. Ba3 Qa5 10. Qc1 e4 11. Nd2 Bxe2 12. Nxe2 Rfe8 13. Nc3 Bf8 14. Qc2 Qxa3
15. Na4 d5 16. c5 Qb4  0-1

[Event "Summer Prague Open 2020 - A"]
[Site "Olympik hotel, Sokolovska 138, Praha"]
[Date "2020.08.09"]
[Round "3"]
[Board "30"]
[White "Simek, Petr"]
[Black "Sura, Jaroslav"]
[Result "1-0"]
[WhiteElo "2324"]
[BlackElo "2027"]
[PlyCount "39"]
[EventDate "2020.08.08"]
[EventRounds "9"]
[EventCountry "CZE"]

1. c4 e5 2. g3 d6 3. Bg2 f5 4. d4 e4 5. Nc3 Nf6 6. Nh3 c6 7. O-O d5 8. Qb3 dxc4
9. Qxc4 b5 10. Qb3 Qxd4 11. Be3 Qc4 12. Qxc4 bxc4 13. f3 Nd5 14. Nxd5 cxd5 15.
Nf4 Bb7 16. Rad1 d4 17. Bxd4 Nc6 18. Bc3 Bc5+ 19. Kh1 Rd8 20. Ne6  1-0

[Event "Summer Prague Open 2020 - B"]
[Site "Olympik hotel, Sokolovska 138,"]
[Date "2020.08.09"]
[Round "3"]
[White "Delaruelle, Christian"]
[Black "Bauer, Jan"]
[Result "1/2-1/2"]
[WhiteElo "1684"]
[BlackElo "1924"]
[Annotator "Stanice"]
[PlyCount "66"]
[EventDate "2020.08.08"]

1. e4 e5 2. Nc3 Bc5 3. Bc4 d6 4. d3 Nc6 5. Be3 Bxe3 6. fxe3 Na5 7. Bb5+ c6 8.
Ba4 b5 9. Bb3 Nh6 10. Nf3 Bg4 11. O-O O-O 12. Qe1 Nxb3 13. axb3 f5 14. exf5
Nxf5 15. h3 Bxf3 16. Rxf3 Qe7 17. Qe2 d5 18. Raf1 g6 19. g4 Nd6 20. Rxf8+ Rxf8
21. Rxf8+ Qxf8 22. Kg2 $11 Kg7 23. Qf3 Qf6 24. Kg3 h5 25. Qxf6+ Kxf6 26. gxh5
gxh5 27. e4 b4 28. Na2 a5 29. exd5 cxd5 30. c3 bxc3 31. bxc3 e4 32. dxe4 dxe4
33. Kf4 e3 1/2-1/2

[Event "Summer Prague Open 2020 - B"]
[Site "Olympik hotel, Sokolovska 138,"]
[Date "2020.08.09"]
[Round "3"]
[White "Froeyman, Hugo"]
[Black "Svanda, Adam"]
[Result "0-1"]
[WhiteElo "1679"]
[BlackElo "1852"]
[Annotator "Stanice"]
[PlyCount "104"]
[EventDate "2020.08.08"]

1. e4 d5 2. exd5 Qxd5 3. Nc3 Qd6 4. d4 Nf6 5. Nf3 a6 6. g3 b5 7. Bg2 Bb7 8. O-O
e6 9. Bf4 Qd8 10. Re1 Be7 11. Qd3 O-O 12. Rad1 Nbd7 13. Ne5 Bxg2 14. Kxg2 Nh5
15. Ne2 Nxf4+ 16. Nxf4 Nxe5 17. Rxe5 Bf6 18. Rh5 g6 19. Rc5 Qd6 20. Qc3 Rfc8
21. Rc6 Qd7 22. Qf3 Bg5 23. Ne2 e5 24. d5 Be7 25. Nc3 f5 26. Qe3 Bd6 27. Ne2
$11 Re8 28. Ng1 Qf7 29. Nf3 Qf6 30. Qg5 Qg7 31. b3 h6 32. Qd2 b4 33. c4 bxc3
34. Qxc3 Qf7 35. Qa5 f4 36. Re1 e4 37. Ng1 f3+ 38. Kf1 Re5 39. Rxa6 Rxa6 40.
Qxa6 Qxd5 41. Qc4 c6 42. Rd1 Qxc4+ 43. bxc4 Bb4 44. Rb1 Ba5 45. Rb8+ Kf7 46.
Rb1 Rc5 47. Rc1 g5 48. Ne2 fxe2+ 49. Kxe2 Ke6 50. Ke3 Ke5 51. h3 Bb6 52. Rb1
Rb5+ 0-1

[Event "Summer Prague Open 2020 - B"]
[Site "Olympik hotel, Sokolovska 138,"]
[Date "2020.08.09"]
[Round "3"]
[White "Michel, Ladislav"]
[Black "Vargas Drechsler, Carlos"]
[Result "0-1"]
[WhiteElo "1669"]
[BlackElo "1829"]
[PlyCount "64"]
[EventDate "2020.08.08"]

1. d4 f5 2. Bg5 h6 3. Bh4 c6 4. e3 Qa5+ 5. c3 Nf6 6. Bxf6 exf6 7. Qh5+ Kd8 8.
e4 Qb6 9. Bc4 Qxb2 10. Qd1 Qxa1 11. Nf3 fxe4 12. Nfd2 d5 13. Bb3 a5 14. a4 Na6
15. O-O Qb2 16. Qh5 Nc7 17. Re1 Be6 18. f3 exf3 19. gxf3 Bd6 20. Rxe6 Nxe6 21.
Qf7 Re8 22. Qxb7 Rc8 23. Qa6 Bc7 24. f4 Nxd4 25. cxd4 Qxd4+ 26. Kg2 Qxf4 27.
Nf3 Kd7 28. Nbd2 Ra8 29. Qd3 Re3 30. Qg6 Re2+ 31. Kf1 Rxd2 32. Qxg7+ Kc8 0-1

[Event "Summer Prague Open 2020 - B"]
[Site "Olympik hotel, Sokolovska 138,"]
[Date "2020.08.09"]
[Round "3"]
[White "Arnold, Frieda"]
[Black "Arnold, Lorin"]
[Result "1/2-1/2"]
[WhiteElo "1789"]
[BlackElo "1680"]
[PlyCount "62"]
[EventDate "2020.08.08"]

1. e4 c5 2. Nf3 Nc6 3. c3 e6 4. d4 d5 5. exd5 exd5 6. Be3 c4 7. b3 Be6 8. a4
cxb3 9. Qxb3 Qc7 10. Na3 a6 11. Be2 Nf6 12. O-O Bd6 13. h3 O-O 14. c4 Rac8 15.
Qd3 Qd7 16. cxd5 Nxd5 17. Nc4 Bf5 18. Qd2 Bb4 19. Nce5 Bxd2 20. Nxd7 Bxd7 21.
Bxd2 Rfe8 22. Rfe1 Ndb4 23. Bf1 Nc2 24. Rxe8+ Rxe8 25. Rb1 N6xd4 26. Nxd4 Nxd4
27. Rxb7 Bxa4 28. Bxa6 Nb3 29. Rb4 Nxd2 30. Rxa4 Ne4 31. Bb7 Nc5 1/2-1/2

[Event "Summer Prague Open 2020 - B"]
[Site "Olympik hotel, Sokolovska 138,"]
[Date "2020.08.09"]
[Round "3"]
[White "Karlsson, Peter 1965"]
[Black "Krupansky, Jaromir"]
[Result "1/2-1/2"]
[WhiteElo "1759"]
[BlackElo "1661"]
[PlyCount "36"]
[EventDate "2020.08.08"]

1. e4 c5 2. Nc3 Nc6 3. f4 g6 4. Nf3 Bg7 5. Bc4 Nf6 6. d3 O-O 7. O-O e6 8. a3 d5
9. Ba2 dxe4 10. dxe4 Qxd1 11. Rxd1 e5 12. fxe5 Ng4 13. Nd5 Ngxe5 14. c3 Bg4 15.
Rf1 Nd3 16. Bc4 Nxc1 17. Raxc1 Rae8 18. Rce1 Ne5 1/2-1/2

[Event "Summer Prague Open 2020 - B"]
[Site "Olympik hotel, Sokolovska 138,"]
[Date "2020.08.09"]
[Round "3"]
[White "Leitgeb, Julian"]
[Black "Hochscheidt, Lukas"]
[Result "1-0"]
[WhiteElo "1470"]
[BlackElo "1754"]
[PlyCount "87"]
[EventDate "2020.08.08"]

1. e4 g6 2. d4 Bg7 3. Nc3 c5 4. dxc5 Bxc3+ 5. bxc3 Qa5 6. Qd4 Nf6 7. Qb4 Qc7 8.
Bd3 Na6 9. Bxa6 bxa6 10. Be3 Bb7 11. f3 Rb8 12. Qd4 Bc6 13. Ne2 Rb2 14. Qd2 h5
15. Nc1 Qa5 16. Nb3 Rxa2 17. O-O Rxa1 18. Nxa5 Rxa5 19. Rb1 O-O 20. Bd4 Rb5 21.
Ra1 Rfb8 22. Rxa6 Rb1+ 23. Kf2 R8b2 24. Rxa7 Kh7 25. c4 Rb7 26. Rxb7 Rxb7 27.
Qf4 Kg7 28. g4 hxg4 29. fxg4 Kg8 30. Ke3 Rb1 31. Ke2 Nxe4 32. Qe5 f6 33. Qxe7
Rc1 34. Qe8+ Kg7 35. Qe7+ Kg8 36. Qe8+ Kg7 37. g5 Rxc2+ 38. Ke3 Nxg5 39. Qe7+
Kh6 40. Qxf6 Kh5 41. h4 Nf3 42. Kf4 g5+ 43. hxg5 Nxg5 44. Qxg5# 1-0

[Event "Summer Prague Open 2020 - B"]
[Site "Olympik hotel, Sokolovska 138,"]
[Date "2020.08.09"]
[Round "3"]
[White "von Lossow, Marcus"]
[Black "Haubold, Christian Lucas"]
[Result "1/2-1/2"]
[WhiteElo "1685"]
[BlackElo "1572"]
[PlyCount "82"]
[EventDate "2020.08.08"]

1. e4 e5 2. Nf3 Nc6 3. d4 exd4 4. Bc4 Bc5 5. c3 Nf6 6. e5 d5 7. Bb5 Ne4 8. cxd4
Bb6 9. O-O O-O 10. Be3 Bg4 11. Bxc6 bxc6 12. h3 Bh5 13. g4 Bg6 14. Nbd2 Qd7 15.
Nxe4 Bxe4 16. Ng5 Bg6 17. Rc1 f6 18. Nf3 Be4 19. Rc3 Bxf3 20. Qxf3 fxe5 21. Qd1
e4 22. Qa4 Rf3 23. Kg2 Rd8 24. Qxc6 Qc8 25. Bg5 Rxc3 26. bxc3 Rd6 27. Qa4 Rg6
28. Bf4 h5 29. Bg3 hxg4 30. hxg4 Qf8 31. Qd7 Qf3+ 32. Kg1 Rh6 33. Qxd5+ Kh8 34.
Bh2 Qxg4+ 35. Bg3 e3 36. Qg2 Rh3 37. Bxc7 exf2+ 38. Rxf2 Qxg2+ 39. Kxg2 Rxc3
40. Bxb6 axb6 41. Rd2 Kg8 1/2-1/2

[Event "Summer Prague Open 2020 - B"]
[Site "Olympik hotel, Sokolovska 138,"]
[Date "2020.08.09"]
[Round "3"]
[White "Kievelitz, Bernd"]
[Black "Licka, Denis"]
[Result "1-0"]
[WhiteElo "1848"]
[BlackElo "1545"]
[PlyCount "83"]
[EventDate "2020.08.08"]

1. Nf3 Nf6 2. c4 e6 3. Nc3 Bb4 4. Qc2 b6 5. a3 Bxc3 6. Qxc3 Bb7 7. d3 O-O 8.
Bg5 d6 9. e4 Nbd7 10. Be2 h6 11. Be3 Ng4 12. O-O Nxe3 13. fxe3 c5 14. b4 d5 15.
exd5 exd5 16. cxd5 Bxd5 17. e4 Bb7 18. b5 Re8 19. Nd2 Ne5 20. Nc4 Nxc4 21. Qxc4
Qd4+ 22. Qxd4 cxd4 23. Rac1 Rac8 24. Bg4 Rc3 25. Rxc3 dxc3 26. Rc1 Bc8 27. Bxc8
Rxc8 28. Rc2 Kf8 29. Kf2 Ke7 30. d4 Ke6 31. Ke3 f5 32. exf5+ Kd5 33. Kd3 Rc4
34. Rxc3 Rxd4+ 35. Ke3 Re4+ 36. Kf3 Rc4 37. Rxc4 Kxc4 38. g4 Kxb5 39. h4 Kc5
40. g5 hxg5 41. h5 Kd5 42. f6 1-0

[Event "Summer Prague Open 2020 - B"]
[Site "Olympik hotel, Sokolovska 138,"]
[Date "2020.08.09"]
[Round "3"]
[White "Suliga, Eckhard"]
[Black "Klimek, Petr"]
[Result "1/2-1/2"]
[WhiteElo "1622"]
[BlackElo "1833"]
[PlyCount "55"]
[EventDate "2020.08.08"]

1. e4 e6 2. d4 d5 3. Nc3 Nf6 4. Bg5 Be7 5. e5 Nfd7 6. Bxe7 Qxe7 7. f4 a6 8. Nf3
c5 9. dxc5 Nxc5 10. Bd3 Nc6 11. Ne2 b5 12. a3 Bb7 13. Qd2 Qc7 14. O-O O-O 15.
Ned4 Rae8 16. Qf2 Nxd4 17. Qxd4 f6 18. exf6 Rxf6 19. g3 Nd7 20. Rac1 e5 21.
fxe5 Nxe5 22. Nxe5 Rxf1+ 23. Rxf1 Qxe5 24. Qxe5 Rxe5 25. Kf2 Kf7 26. Re1 Rxe1
27. Kxe1 h6 28. Kd2 1/2-1/2

[Event "Summer Prague Open 2020 - B"]
[Site "Olympik hotel, Sokolovska 138,"]
[Date "2020.08.09"]
[Round "3"]
[White "Spanton, Tim R"]
[Black "Lihotsky, Lukas"]
[Result "1/2-1/2"]
[WhiteElo "1831"]
[BlackElo "1529"]
[Annotator "Stanice"]
[PlyCount "82"]
[EventDate "2020.08.08"]

1. c4 Nf6 2. Nc3 e5 3. Nf3 Nc6 4. e4 Bb4 5. d3 d6 6. Be2 h6 7. O-O O-O 8. h3
Be6 9. Nd5 Bc5 10. Be3 Nd7 11. d4 Nxd4 12. Nxd4 Bxd4 13. Bxd4 exd4 14. Qxd4 a5
15. Rac1 Re8 16. Rfe1 Bxd5 $11 17. exd5 Qf6 18. Qxf6 Nxf6 19. Bd3 Nd7 20. f4
Nc5 21. Bc2 Kf8 22. Kf2 Rxe1 23. Rxe1 Re8 24. Rxe8+ Kxe8 25. Ke3 Ke7 26. Kd4
Kf6 27. b3 g5 $11 28. g3 b6 29. a3 gxf4 30. gxf4 Nd7 31. b4 axb4 32. axb4 Nf8
33. c5 bxc5+ 34. bxc5 Ng6 35. Bxg6 fxg6 36. cxd6 cxd6 37. Ke4 g5 38. Kf3 Kf5
39. fxg5 hxg5 40. Kg3 Kf6 41. Kg4 Kg6 1/2-1/2

[Event "Summer Prague Open 2020 - A"]
[Site "Olympik hotel, Sokolovska 138, Praha"]
[Date "2020.08.10"]
[Round "4"]
[Board "1"]
[White "Cap, Adam"]
[Black "Christiansen, Johan-Sebastian"]
[Result "0-1"]
[WhiteElo "2278"]
[BlackElo "2616"]
[PlyCount "104"]
[EventDate "2020.08.08"]
[EventRounds "9"]
[EventCountry "CZE"]

1. e4 e5 2. Nf3 Nc6 3. Bc4 Nf6 4. d3 h6 5. O-O d6 6. a4 g5 7. Nc3 Bg7 8. a5 a6
9. Nd2 Ne7 10. Re1 O-O 11. Nf1 Bg4 12. f3 Be6 13. Ne3 c6 14. Bxe6 fxe6 15. Nc4
Ng6 16. d4 exd4 17. Qxd4 d5 18. exd5 exd5 19. Qd3 Kf7 20. Qf5 Qd7 21. Qxg6+
Kxg6 22. Ne5+ Kh7 23. Nxd7 Nxd7 24. Re7 Rad8 25. Bd2 Rfe8 26. Rae1 Rxe7 27.
Rxe7 Kg6 28. Na4 Bf6 29. Re2 Ne5 30. b3 d4 31. Re1 Rd5 32. Kf1 Rb5 33. Nb2 d3
34. Nxd3 Nxd3 35. cxd3 Rxb3 36. Ke2 Rb5 37. Rc1 Bd8 38. Ra1 Rb2 39. Ra4 Kf5 40.
g3 Ke6 41. Ke3 c5 42. d4 b5 43. axb6 cxd4+ 44. Kd3 Bxb6 45. Rxa6 Kd5 46. Ba5
Bc5 47. Rxh6 Rb3+ 48. Kc2 Rxf3 49. Rg6 Kc4 50. Rxg5 d3+ 51. Kb1 Rf1+ 52. Ka2
Bd4  0-1

[Event "Summer Prague Open 2020 - A"]
[Site "Olympik hotel, Sokolovska 138, Praha"]
[Date "2020.08.10"]
[Round "4"]
[Board "8"]
[White "Soural, Jan"]
[Black "Miedema, David"]
[Result "1/2-1/2"]
[WhiteElo "2234"]
[BlackElo "2382"]
[PlyCount "131"]
[EventDate "2020.08.08"]
[EventRounds "9"]
[EventCountry "CZE"]

1. c4 e6 2. Nf3 d5 3. g3 c5 4. cxd5 exd5 5. d4 Nc6 6. Bg2 Nf6 7. O-O Be7 8. Nc3
O-O 9. b3 Ne4 10. Bb2 Bf6 11. Na4 cxd4 12. Nxd4 Bd7 13. Rc1 Re8 14. e3 Ne5 15.
h3 Rc8 16. Nc3 Qa5 17. Nxe4 dxe4 18. Rxc8 Bxc8 19. Qc2 Nf3+ 20. Nxf3 exf3 21.
Bxf3 Qxa2 22. Rc1 Be6 23. Bxf6 Qxc2 24. Rxc2 gxf6 25. Rc7 b6 26. b4 a6 27. Rb7
b5 28. Ra7 Rc8 29. Ra8 Bxh3 30. Rxa6 Rc4 31. Rxf6 Rxb4 32. Bd5 Be6 33. Bxe6
fxe6 34. Rxe6 Rb1+ 35. Kg2 b4 36. Re7 b3 37. g4 h6 38. Rb7 Kf8 39. f4 b2 40. e4
Re1 41. Rxb2 Rxe4 42. Kf3 Re1 43. Rb7 Kg8 44. f5 Ra1 45. Rd7 Ra4 46. Re7 Rb4
47. Re4 Rb1 48. Kf4 Kg7 49. Ra4 Rf1+ 50. Ke5 Re1+ 51. Re4 Ra1 52. Rd4 Re1+ 53.
Kf4 Rf1+ 54. Kg3 Rg1+ 55. Kf3 Rf1+ 56. Ke2 Ra1 57. Rd7+ Kg8 58. Ke3 Ra4 59. Rd4
Ra7 60. Kf4 Kg7 61. Rb4 Rc7 62. Ke5 Re7+ 63. Kd5 Ra7 64. Rb6 Ra4 65. Rg6+ Kh7
66. Ke5  1/2-1/2

[Event "Summer Prague Open 2020 - A"]
[Site "Olympik hotel, Sokolovska 138, Praha"]
[Date "2020.08.10"]
[Round "4"]
[Board "14"]
[White "Wedda, Dries"]
[Black "Michalczak, Thomas"]
[Result "1/2-1/2"]
[WhiteElo "2172"]
[BlackElo "2245"]
[PlyCount "128"]
[EventDate "2020.08.08"]
[EventRounds "9"]
[EventCountry "CZE"]

1. c4 e6 2. Nc3 d5 3. d4 Nf6 4. cxd5 exd5 5. Bg5 Nbd7 6. e3 c6 7. Bd3 Be7 8.
Nge2 Nh5 9. Bxe7 Qxe7 10. Qc2 g6 11. O-O O-O 12. Rab1 a5 13. e4 dxe4 14. Nxe4
Ndf6 15. Rfe1 Nxe4 16. Bxe4 Re8 17. Bd3 Bg4 18. Qc3 Bxe2 19. Bxe2 Nf4 20. Bf3
Qf6 21. a3 Rad8 22. Qxa5 Rxe1+ 23. Rxe1 Qxd4 24. Qe5 Qxe5 25. Rxe5 Rd2 26. h3
Rxb2 27. Re8+ Kg7 28. Rb8 Rb6 29. a4 Kf6 30. a5 Rb5 31. Ra8 Rb1+ 32. Kh2 Ra1
33. Ra7 Nd5 34. Rxb7 Rxa5 35. Bg4 Ra2 36. Bd7 Ne7 37. Kg1 Ra1+ 38. Kh2 Ra2 39.
Kg1 h5 40. h4 Ra1+ 41. Kh2 Ra2 42. Kg1 Ra8 43. Rc7 Rd8 44. Bh3 Rd6 45. Bd7 Ke5
46. Be8 Ke6 47. Kh2 Rd8 48. Bxc6 Kd6 49. Ra7 Nxc6 50. Rxf7 Ke6 51. Rc7 Ne5 52.
f3 Rd2 53. Kh3 Nd3 54. g4 Ke5 55. Kg3 Nf4 56. Re7+ Kf6 57. Ra7 Ne2+ 58. Kf2
Nc3+ 59. Kg3 Ne2+ 60. Kf2 Nc1+ 61. Kg3 Rd5 62. Ra6+ Kf7 63. Ra7+ Ke6 64. Ra6+
Kf7  1/2-1/2

[Event "Summer Prague Open 2020 - A"]
[Site "Olympik hotel, Sokolovska 138, Praha"]
[Date "2020.08.10"]
[Round "4"]
[Board "15"]
[White "Kulhanek, Tomas"]
[Black "Soubirou, Oriane"]
[Result "1-0"]
[WhiteElo "2339"]
[BlackElo "2144"]
[PlyCount "109"]
[EventDate "2020.08.08"]
[EventRounds "9"]
[EventCountry "CZE"]

1. e4 e5 2. Nc3 Nf6 3. g3 Bc5 4. Bg2 a5 5. Nf3 d6 6. d4 exd4 7. Nxd4 O-O 8. h3
a4 9. a3 c6 10. O-O Qb6 11. Nde2 Be6 12. Kh2 Nbd7 13. Rb1 Rfe8 14. f3 h6 15. h4
Bc4 16. b3 axb3 17. cxb3 Bxe2 18. Qxe2 d5 19. Qc2 Qa6 20. exd5 cxd5 21. b4 Bd6
22. b5 Qa5 23. Ne2 Qb6 24. Rb3 Ne5 25. Kh1 Nc4 26. Qd3 Ra5 27. Nc3 Qc5 28. f4
d4 29. Ne4 Nxe4 30. Bxe4 f5 31. Bxb7 Ne3 32. Re1 Rb8 33. Bc6 Ng4 34. Kg2 Rc8
35. Qf3 Qc2+ 36. Re2 Qxc1 37. Qd5+ Kh8 38. Qxf5 Rf8 39. Qxg4 Rxa3 40. Rxa3 Qxa3
41. Qg6 Rf6 42. Qe4 Bc5 43. b6 Bxb6 44. Bb5 Qd6 45. h5 g6 46. Rc2 Re6 47. Qa8+
Kg7 48. Rc8 gxh5 49. Rg8+ Kf6 50. Bd3 Bc7 51. Kh3 Qc5 52. Rg6+ Ke7 53. Rg7+ Kf6
54. Qh8 Bxf4 55. Rc7+  1-0